| 000 | 00911nam a22002777a 4500 | ||
|---|---|---|---|
| 003 | CHAP | ||
| 005 | 20220329135716.0 | ||
| 008 | 971013s1981 r 00010 d | ||
| 010 | _a40929 | ||
| 011 | _a41901 | ||
| 035 | _a46027 | ||
| 040 | _cCHAP | ||
| 082 |
_a641.1 _bF56 1981 |
||
| 110 |
_aFlorida Symposium on Micronutrients in Human Nutrition. Gainesville, Fla., _d1981 _941866 |
||
| 245 | _aProceedings | ||
| 260 |
_aGainesville, Fla. : _bUniversity of Florida. Institute of Food & Agricultural Sciences, _c1981 |
||
| 300 | _a171 p. | ||
| 590 |
_aBATCH-UPD _b10 _c20130110 _lUCH01 _h1756 |
||
| 590 |
_aBATCH-UPD _b10 _c20130410 _lUCH01 _h1133 |
||
| 590 |
_aBATCH-UPD _b10 _c20130914 _lUCH01 _h1843 |
||
| 590 |
_aCONVERSION _b10 _c20130109 _lUCH01 _h1323 |
||
| 650 | 1 | 4 |
_aNutrición. _982246 |
| 901 | _aBK | ||
| 942 | _cLIBRO | ||
| 949 |
_a641.1 F56 1981 _bBC _cLIBRO _d33724000139200 _eLIBRO _h56326 _i46027 _mD _si |
||
| 999 |
_c40929 _d40929 |
||